[Event "Winter Catalan"]
[Site "SchemingMind.com"]
[Date "2022.12.28"]
[Round "-"]
[White "pawngrabber"]
[Black "LockettJ"]
[Result "0-1"]
[WhiteCountry "ENG"]
[BlackCountry "ENG"]
[WhiteElo "1809"]
[WhiteRD "94"]
[BlackElo "2102"]
[BlackRD "91"]
[GameID "729724"]

1. d4 Nf6 2. c4 e6 3. g3 d5 4. Bg2 dxc4 5. Qa4+ Nbd7 6. Qxc4 c5 7. dxc5 Bxc5 8. Nf3 a6 9. O-O b5 10. Qc2 Bb7
11. Nc3 Rc8 12. Qd2 O-O 13. a3 Qb6 14. e3 h6 15. b4 Be7 16. Bb2 Rfd8 17. Qe2 Qa7 18. Rfd1 Qa8 19. Qf1 Bxf3 20. Bxf3 Qxf3
21. Qg2 Qxg2+ 22. Kxg2 Nb6 23. Rxd8+ Rxd8 24. Rd1 Nc4 25. Rxd8+ Bxd8 26. Bc1 h5 27. Ne2 Ne4
0-1

[Event "Winter Catalan"]
[Site "SchemingMind.com"]
[Date "2022.12.28"]
[Round "-"]
[White "LockettJ"]
[Black "pawngrabber"]
[Result "1-0"]
[WhiteCountry "ENG"]
[BlackCountry "ENG"]
[WhiteElo "2102"]
[WhiteRD "91"]
[BlackElo "1809"]
[BlackRD "94"]
[GameID "729725"]

1. d4 Nf6 2. c4 e6 3. g3 Bb4+ 4. Bd2 Bxd2+ 5. Qxd2 d5 6. Nf3 O-O 7. Bg2 c6 8. O-O Nbd7 9. Ne5 Nxe5 10. dxe5 Nd7
11. f4 Qb6+ 12. Kh1 f6 13. cxd5 exd5 14. e6 Nc5 15. f5 Re8 16. Nc3 Nxe6 17. fxe6 Bxe6 18. Na4 Qb5 19. Nc3 Qb6 20. Rad1 Rad8
21. Rf4 Bf7 22. Rd4 c5 23. Nxd5 Bxd5 24. Rxd5
1-0

[Event "Winter Catalan"]
[Site "SchemingMind.com"]
[Date "2023.01.02"]
[Round "-"]
[White "Clive Everill"]
[Black "LockettJ"]
[Result "0-1"]
[WhiteCountry "CZE"]
[BlackCountry "ENG"]
[WhiteElo "1708"]
[WhiteRD "56"]
[BlackElo "2073"]
[BlackRD "93"]
[GameID "729726"]

1. d4 Nf6 2. c4 e6 3. g3 d5 4. Nf3 Bb4+ 5. Nbd2 dxc4 6. Qc2 b5 7. a4 Bb7 8. axb5 Bxf3 9. exf3 Qxd4 10. Bxc4 Qe5+
11. Be2 Nbd7 12. Kf1 O-O 13. Ra4 Be7 14. b3 Nb6 15. f4 Qd5 16. Bf3 Qxb5+ 17. Be2 Qc5 18. Qxc5 Bxc5 19. Ra2 Nbd5 20. Bf3 Rab8
21. Rc2 Bb6 22. Kg2 Rfd8 23. Nc4 Bd4 24. Rd1 Bc3 25. Nd2 Rb5 26. Ne4 Nxe4 27. Bxe4 Ba5 28. Bxd5 Rdxd5 29. Rxd5 Rxd5 30. Be3 a6
31. b4 Bxb4 32. Rxc7 h6 33. Rc8+ Kh7 34. Rc7 f6 35. h4 Bd6 36. Ra7 a5 37. Bb6 Bc5 38. Ra6 Rd6 39. Rxa5 Bxb6 40. Rb5 Kg6
41. g4 f5 42. h5+ Kf6 43. gxf5 exf5 44. Rb2 g5 45. fxg5+ Kxg5 46. f3 Be3 47. Kg3 Bf4+ 48. Kf2 Rd2+
0-1

[Event "Winter Catalan"]
[Site "SchemingMind.com"]
[Date "2023.01.02"]
[Round "-"]
[White "LockettJ"]
[Black "Clive Everill"]
[Result "1-0"]
[WhiteCountry "ENG"]
[BlackCountry "CZE"]
[WhiteElo "2102"]
[WhiteRD "91"]
[BlackElo "1684"]
[BlackRD "57"]
[GameID "729727"]

1. d4 Nf6 2. c4 e6 3. g3 Bb4+ 4. Bd2 Be7 5. Bg2 d5 6. Nf3 c6 7. Qc2 O-O 8. O-O b6 9. Bf4 Ba6 10. Nbd2 Nbd7
11. Rac1 Nh5 12. Be3 Nhf6 13. Bf4 Bb4 14. a3 Bxd2 15. Nxd2 Rc8 16. Rfe1 Nh5 17. Bd6 Re8 18. e4 dxc4 19. Nxc4 Bxc4 20. Qxc4 c5
21. e5 g6 22. Bb7 Ng7 23. Bxc8 Qxc8 24. dxc5 bxc5 25. Bxc5 Qb7 26. b4 Rc8 27. Qe4 Qa6 28. Bxa7 Rxc1 29. Rxc1 Qxa7 30. Rc8+ Nf8
31. Qd3 Nf5 32. Qd8 Qe7 33. b5 Kg7 34. b6 Qxd8 35. Rxd8 Ne7 36. b7 Nc6 37. Rc8
1-0

[Event "Winter Catalan"]
[Site "SchemingMind.com"]
[Date "2023.01.02"]
[Round "-"]
[White "maro"]
[Black "LockettJ"]
[Result "0-1"]
[WhiteCountry "MEX"]
[BlackCountry "ENG"]
[WhiteElo "1358"]
[WhiteRD "72"]
[BlackElo "2100"]
[BlackRD "90"]
[GameID "729728"]

1. d4 Nf6 2. c4 e6 3. g3 d5 4. Nf3 dxc4 5. e3 b5 6. a3 a6 7. Nc3 Bb7 8. Bg2 Be7 9. O-O c5 10. Re1 cxd4
11. exd4 Nc6 12. Ne5 Qc7 13. Nxc6 Bxc6 14. Bf3 Qb6 15. Be3 Rd8 16. d5 Bc5 17. Bxc5 Qxc5 18. Ne4 Nxe4 19. Bxe4 Bxd5 20. Bxd5 Rxd5
21. Qf3 O-O 22. Rac1 Rfd8 23. b4 Qe7 24. Qf4 h6 25. Re5 g5 26. Qe4 Qf6 27. Rxd5 exd5 28. Qg4 d4 29. f4 d3 30. fxg5 Qxg5
31. Qxg5+ hxg5 32. Rf1 d2
0-1

[Event "Winter Catalan"]
[Site "SchemingMind.com"]
[Date "2023.01.02"]
[Round "-"]
[White "LockettJ"]
[Black "maro"]
[Result "1-0"]
[WhiteCountry "ENG"]
[BlackCountry "MEX"]
[WhiteElo "2073"]
[WhiteRD "93"]
[BlackElo "1375"]
[BlackRD "67"]
[GameID "729729"]

1. d4 Nf6 2. c4 e6 3. g3 d5 4. Bg2 b6 5. Nf3 dxc4 6. Ne5 Nd5 7. Qa4+ Bd7 8. Qxc4 b5 9. Qc2 Bb4+ 10. Bd2 c5
11. dxc5 O-O 12. O-O Nc6 13. Nxc6 Bxc6 14. e4 Bxd2 15. Nxd2 Nb4 16. Qc3 a5 17. a3 Na6 18. b4 a4 19. Rfe1 Qe7 20. Nf3 Nc7
21. Rad1 f5 22. exf5 Rxf5 23. Nd4 Nd5 24. Nxf5 Qf6 25. Qxf6 Nxf6 26. Bxc6
1-0

[Event "Winter Catalan"]
[Site "SchemingMind.com"]
[Date "2023.01.02"]
[Round "-"]
[White "pnwmusichound"]
[Black "LockettJ"]
[Result "0-1"]
[WhiteCountry "USA"]
[BlackCountry "ENG"]
[WhiteElo "1869"]
[WhiteRD "93"]
[BlackElo "2047"]
[BlackRD "87"]
[GameID "729730"]

1. d4 Nf6 2. c4 e6 3. g3 Bb4+ 4. Nd2 d5 5. Bg2 O-O 6. Nf3 b6 7. O-O Bb7 8. a3 Be7 9. b4 a5 10. b5 dxc4
11. Nxc4 Qd5 12. Qc2 Qxb5 13. a4 Qa6 14. Nce5 c5 15. dxc5 bxc5 16. Bg5 Nc6 17. Bxf6 Bxf6 18. Qxc5 Nxe5 19. Nxe5 Bxg2 20. Kxg2 Qb7+
21. Kg1 Qe4 22. f4 Rfc8 23. Qf2 Rc2 24. Rfe1 Bxe5 25. fxe5 Qxe5 26. Qf3 Rac8 27. Rad1 Qc5+ 28. e3 h6 29. Rd7 f5 30. Qh5 Qc3
31. Qf7+ Kh7 32. Kf1 Rxh2 33. Qxe6 Rh1+ 34. Kg2 Rxe1 35. Qxf5+ Kh8 36. Qg6 Qb2+ 37. Kf3 Rf1+ 38. Kg4 Rc4+ 39. e4 Qe2+ 40. Kh4 Rh1#
0-1

[Event "Winter Catalan"]
[Site "SchemingMind.com"]
[Date "2023.01.02"]
[Round "-"]
[White "LockettJ"]
[Black "pnwmusichound"]
[Result "1-0"]
[WhiteCountry "ENG"]
[BlackCountry "USA"]
[WhiteElo "2100"]
[WhiteRD "86"]
[BlackElo "1854"]
[BlackRD "91"]
[GameID "729731"]

1. d4 Nf6 2. c4 e6 3. g3 c5 4. d5 exd5 5. cxd5 d6 6. Nc3 Be7 7. Bg2 O-O 8. Nf3 Nbd7 9. O-O Rb8 10. e4 b5
11. a3 a5 12. Nh4 Ba6 13. Re1 b4 14. axb4 cxb4 15. Ne2 Re8 16. Nd4 Ne5 17. Bf4 Rc8 18. Bh3 Rc4 19. Bf1 Rxd4 20. Qxd4 Bxf1
21. Kxf1 Nfg4 22. Bxe5 Nxh2+ 23. Kg2 dxe5 24. Qa7 Ng4 25. Nf5 Nf6 26. Nxe7+ Rxe7 27. Qxa5 Qb8 28. Rec1 h6 29. Qc5 Rb7 30. Qe3 b3
31. Rc3 Rb4 32. Rac1 Kh7 33. Rc7 Nxe4 34. Rxf7 Ng5 35. Re7 Re4 36. Qd3 Qd6 37. Rcc7 Qg6 38. f3 Nxf3 39. Rxg7+ Qxg7 40. Qxe4+ Kg8
41. Rxg7+ Kxg7 42. Kxf3 Kf6 43. Qg4 Ke7 44. Ke4 h5 45. Qxh5 Kd6 46. Qg6+ Ke7 47. Qe6+ Kd8 48. Qf7 Kc8 49. d6 Kb8 50. Kxe5 Ka8
51. d7 Kb8 52. d8=Q#
1-0

[Event "Winter Catalan"]
[Site "SchemingMind.com"]
[Date "2022.12.31"]
[Round "-"]
[White "AussieMossie"]
[Black "LockettJ"]
[Result "1-0"]
[WhiteCountry "AUS"]
[BlackCountry "ENG"]
[WhiteElo "2597"]
[WhiteRD "91"]
[BlackElo "2102"]
[BlackRD "91"]
[GameID "729732"]

1. d4 Nf6 2. c4 e6 3. g3 Bb4+ 4. Bd2 Qe7 5. Bg2 Nc6 6. e3 e5 7. d5 Nb8 8. Nc3 O-O 9. Nge2 a5 10. a3 Bxc3
11. Nxc3 d6 12. e4 Nbd7 13. Be3 b6 14. O-O h6 15. h3 Ba6 16. b3 Nc5 17. Rb1 Rab8 18. b4 axb4 19. axb4 Ncd7 20. Qb3 b5
21. Nxb5 Bxb5 22. cxb5 Rxb5 23. Qc2 Rc8 24. Qc6 Rbb8 25. Rfc1 Nb6 26. Ra1 Qd7 27. Ra6 Qxc6 28. dxc6 Rd8 29. Bxb6 Rxb6 30. Rxb6 cxb6
31. Ra1 Rc8 32. b5 Ne8 33. Ra7 Nc7 34. Bf1 Kf8 35. h4 d5 36. Rb7 Na8 37. exd5
1-0

[Event "Winter Catalan"]
[Site "SchemingMind.com"]
[Date "2023.01.01"]
[Round "-"]
[White "LockettJ"]
[Black "AussieMossie"]
[Result "0-1"]
[WhiteCountry "ENG"]
[BlackCountry "AUS"]
[WhiteElo "2047"]
[WhiteRD "87"]
[BlackElo "2542"]
[BlackRD "85"]
[GameID "729733"]

1. d4 Nf6 2. c4 e6 3. g3 d5 4. Nf3 Bb4+ 5. Bd2 Be7 6. Bg2 O-O 7. O-O c6 8. Qc2 b6 9. Rd1 Nbd7 10. Bf4 Bb7
11. Ne5 Nh5 12. Bd2 Nhf6 13. cxd5 cxd5 14. Nc6 Qe8 15. Nxe7+ Qxe7 16. Nc3 Rfc8 17. Rac1 Ne4 18. Qd3 Ndf6 19. Be1 Nxc3 20. Rxc3 Ne4
21. Rcc1 a5 22. Bf1 h6 23. e3 Rxc1 24. Rxc1 Ba6 25. Qb3 Bxf1 26. Kxf1 Qb7 27. Kg1 Qa6 28. Qc2 Nd6 29. Qd1 b5 30. Qd3 Qb7
31. Rc5 b4 32. b3 Ne4 33. Rc2 Ng5 34. Bd2 Rd8 35. Kg2 e5 36. dxe5 d4+ 37. e4 Qxe4+ 38. Qxe4 Nxe4 39. f4 d3 40. Rb2 Nc3
41. Bc1 f6 42. exf6 Rc8 43. Kf3 Nd1 44. Rd2 Rxc1 45. Rxd3 Rc3 46. Ke2 Rxd3 47. Kxd3 gxf6 48. Kd4 Nc3 49. Kc5 Nxa2 50. Kb5 h5
51. Kxa5 Kf7 52. Kb6 Ke6 53. Kc5 Kf5 54. h3 Ke4 55. Kd6 f5 56. h4 Kf3 57. Ke6 Kg4 58. Ke5 Nc1 59. Kd4 Kxg3 60. Ke5 Kg4
0-1

[Event "Winter Catalan"]
[Site "SchemingMind.com"]
[Date "2022.12.28"]
[Round "-"]
[White "Enri Arturo"]
[Black "LockettJ"]
[Result "1-0"]
[WhiteCountry "CUB"]
[BlackCountry "ENG"]
[WhiteElo "2542"]
[WhiteRD "98"]
[BlackElo "2100"]
[BlackRD "86"]
[GameID "729734"]

1. d4 Nf6 2. c4 e6 3. g3 d5 4. Nf3 dxc4 5. Bg2 a6 6. O-O Nc6 7. e3 Bd7 8. Qe2 Bd6 9. Qxc4 O-O 10. Nbd2 Rc8
11. Qd3 Nb4 12. Qb3 Bb5 13. a3 Bxf1 14. Bxf1 Nc6 15. Qxb7 Nb8 16. Nc4 c5 17. Bd2 Rc7 18. Qb6 Be7 19. Ba5 Rc8 20. Nfe5 Qxb6
21. Nxb6 Rce8 22. b4 cxd4 23. exd4 Rd8 24. Rd1 Ne4 25. Nbc4 Rd5 26. Bg2 f5 27. Ne3 Rxa5 28. bxa5 Nc3 29. Rd3 Rc8 30. N3c4 Nb5
31. a4 Nd6 32. Nxd6 Rc1+ 33. Bf1 Bxd6 34. Kg2 Nc6 35. Nxc6 Rxc6 36. d5 exd5 37. Rxd5 Bb4 38. Rxf5 Bc3 39. Rf4 Rf6 40. Rxf6 gxf6
41. Bxa6 Kg7 42. Bd3 Bxa5 43. Kh3 Bb6 44. f3 Bc7 45. Kg4 Ba5 46. Kf5 Bb6 47. Ke4 h6 48. Kd5 Bd8 49. Kc6 Kf8 50. Kb5 Ke7
51. a5
1-0

[Event "Winter Catalan"]
[Site "SchemingMind.com"]
[Date "2022.12.29"]
[Round "-"]
[White "LockettJ"]
[Black "Enri Arturo"]
[Result "0-1"]
[WhiteCountry "ENG"]
[BlackCountry "CUB"]
[WhiteElo "2047"]
[WhiteRD "87"]
[BlackElo "2527"]
[BlackRD "96"]
[GameID "729735"]

1. d4 Nf6 2. c4 e6 3. g3 Be7 4. Nf3 c6 5. Bg2 O-O 6. O-O h6 7. Nc3 d5 8. b3 b6 9. Qc2 Nbd7 10. e4 dxe4
11. Nxe4 Bb7 12. Bb2 c5 13. Nxf6+ Bxf6 14. dxc5 Bxb2 15. Qxb2 Nxc5 16. Rad1 Qc7 17. Qe5 Rfc8 18. Qxc7 Rxc7 19. Ne5 f6 20. Bxb7 Nxb7
21. Nf3 Rd8 22. Rxd8+ Nxd8 23. Re1 Rd7 24. Kg2 Kf7 25. Re3 Nc6 26. Kf1 e5 27. Ke2 g5 28. Rc3 g4 29. Nd2 f5 30. f3 h5
31. f4 exf4 32. gxf4 Nd4+ 33. Ke3 Ne6 34. b4 Re7 35. a4 h4 36. a5 bxa5 37. bxa5 Nc5+ 38. Kd4 Rd7+ 39. Kxc5 Rxd2
0-1